00857nam a22002057a 4500003000900000008004100009020001800050040007100068082002200139100002900161245003600190260003000226300004400256440003800300505020000338650001700538650002000555650001800575700005800593AR-CdUCM190524b ||||| |||| 00| 0 spa d a84-329-6004-7 aMUNICIPALIDAD PROVINCIAL DEL CUSCOcBIBLIOTECA MUNICIPAL DEL CUSCO a621.31bD1223ed. aDagá Gelabert, Pedro : aTransformadores convertidores / aBarcelona :bCeac,c1979. a9258 páginas ;bIlustracionesc24 cm. aEnciclopedia ceac de electricidad aContenido: Transformadores -- Teoría y funcionamiento del transformador monofásico -- Teoría y funcionamiento del trasformador trifásico -- Estudio de las transformaciones trifásicas... aElectricidad aTransformadores aConvertidores aOñós Prados, Enrique, Ramírez Vázquez, José